| 000 | 00431nam a22001577a 4500 | ||
|---|---|---|---|
| 003 | NUST | ||
| 038 | _a. | ||
| 082 | _a200 THE | ||
| 100 |
_aFAISAL KABIR _984538 |
||
| 110 |
_a Supervisor Col Dr. Aqib Perwaiz _984539 |
||
| 245 | _aTH-SOF-1785-Lithium Ion Based Power Pack Solution for Military Equipment | ||
| 260 |
_aISLAMABAD: _bNUST COLLEGE OF EME, _c2020. |
||
| 563 | _a. | ||
| 650 |
_aMS-ELECT-18 _984540 |
||
| 942 |
_cTHE _2ddc |
||
| 999 |
_c586847 _d586847 |
||